000 00441nam a22001817a 4500
005 20250701125127.0
008 250701b |||||||| |||| 00| 0 eng d
020 _a978186230656
_qpbk
041 _aeng
082 _a823.92 RAI
100 _aRai Bali
245 _aSoccer Squad- Glory!
_c/ Bali Rai
250 _a1st ed
260 _aBritain
_bRed Fox
_c2009
300 _a97p. :
_c22cm
650 _aEnglish Fiction
942 _cENGLISH
999 _c574478
_d574478